Hormones and Cell Regulation = Hormones et régulation cellulaire 2 Procedings of the 12 th I.N.S.E.R.M. European Symposium on Hormones and Cell Regulation, held at Mont Sainte - Odile, october 1987 (Record no. 16707)

MARC details
000 -LEADER
fixed length control field 00475 a2200133 4500
100 ## - VEDETTE PRINCIPALE - NOM DE PERSONNE
Personal name Nunez, J.
245 ## - TITLE STATEMENT
Title Hormones and Cell Regulation = Hormones et régulation cellulaire 2 Procedings of the 12 th I.N.S.E.R.M. European Symposium on Hormones and Cell Regulation, held at Mont Sainte - Odile, october 1987
260 ## - PUBLICATION, DISTRIBUTION, ETC. (IMPRINT)
Date of publication, distribution, etc 1987
300 ## - PHYSICAL DESCRIPTION
Extent XVIII-237 p.
700 ## - ADDED ENTRY--PERSONAL NAME
Personal name Dumont, J. E.
700 ## - ADDED ENTRY--PERSONAL NAME
Personal name Carafoli, E.
Holdings
Withdrawn status Lost status Damaged status Not for loan Location (home branch) Sublocation or collection (holding branch) Date acquired Koha issues (times borrowed) Koha full call number Koha date last seen Price effective from Koha item type
        Bibliothèque Faculté des Sciences de la Santé Bibliothèque Faculté des Sciences de la Santé 27/02/2009   WK 102 INS 27/02/2009 27/02/2009 Livre


© 2008, Bibliothèques de l'Université d'Abomey-Calavi

04 BP 789 Cotonou, Tél. : +229 21 36 01 01, Fax : +229 21 35 06 32

Courriel : bu@bu.uac.bj